Great Literature #35 - Statistics

General Stats
  • This quiz has been taken 109 times
  • The average score is 6 of 20
Answer Stats
Hint Explanation Answer % Correct
J. K. Rowling 2003 Harry Potter and the Order of the Phoenix
96%
Frederick Forsyth 1971 The Day of the Jackal
60%
John Buchan 1915 The Thirty-Nine Steps
53%
Ryūnosuke Akutagawa 1915 (羅生門) Rashōmon
50%
Graham Greene 1940 The Power and the Glory
46%
Sigrid Undset 1920-1922 Kristin Lavransdatter
43%
Jean Racine 1677 Phèdre
43%
Orhan Pamuk 1998 (Benim Adım Kırmızı) My Name Is Red
30%
Nathanael West 1939 The Day of the Locust
27%
Vladimir Nabokov 1969 Ada or Ardor
23%
Colm Tóibín 2004 The Master
21%
Dorothy L. Sayers 1934 The Nine Tailors
21%
André Malraux 1933 (La Condition humaine) Man’s Fate
20%
Dino Buzzati 1940 (Il deserto dei Tartari) The Tartar Steppe
19%
anonymous 1554 (La vida de Lazarillo de Tormes y de sus fortunas y adversidades) The Life of Lazarillo de Tormes and of His Fortunes and Adversities
17%
Yevgeny Zamyatin 1924 (Мы) We
17%
William James 1907 Pragmatism
14%
João Guimarães Rosa 1956 (Grande Sertão: Veredas) The Devil to Pay in the Backlands
10%
Eudora Welty 1941 The Petrified Man
9%
Guillermo Cabrera Infante 1967 (Tres tristes tigres) Three Trapped Tigers
6%
No matching quizzes found
Score Distribution
Percent of People with Each Score
Percentile by Number Answered
Your Score History
You have not taken this quiz